000 00423nam a2200169Ia 4500
008 231217s9999 xx 000 0 und d
020 _a9814126144
041 _aEnglish
082 _a005.7 KIM;6
100 _aKimball, Ralph. Ross, Margy.
245 4 _aThe data warehouse toolkit
250 _a2nd ed.
260 _c2002
_bJohn Wiley
_aNew York
300 _axxiv+436
650 _awarehouse,toolkit
942 _cAA
999 _c182676
_d182676